000 02324nam0a2200337 4500
001 RU\NLR\bibl\8753
005 20260407022320.0
035 _a(NLR Aleph) 000008553
090 _a27342
_c27342
100 _a19981127d1998 |||y0rusy50 ca
101 0 _arus
_aeng
102 _aRU
105 _a|||||||||||||
200 1 _aV Международный горно-геологический форум "Минерально-сырьевые ресурсы стран СНГ". Симпозиум "Горное оборудование, переработка минерального сырья, новые технологии, экология"
_dV International mining and geological Forum "Mineral Resources of the CIS States", St. Petersburg, 1997. Symposium "Mining equipment, processing of mineral raw materials, new technologies, ecology" - ETER-97, 7 окт.-10 окт. 1997 года
_eТез. докл.
_zeng
210 _a[СПб.]
_cБ.и.
_d[1998]
215 _a150 с.
_d29
225 1 _aМинерально-сырьевые ресурсы стран СНГ
_dMineral Resources of the CIS
300 _aЧасть текста на англ. яз.
510 1 _6z01791
_aV International mining and geological Forum "Mineral Resources of the CIS States", St. Petersburg. Symposium "Mining equipment, processing of mineral raw materials, new technologies, ecology" - ETER-97
_zeng
606 0 _aГорное дело
_jСъезды, совещания и т.п.
_91143947
_3RU\NLR\auth\66137278
686 _aИ.я431
710 1 2 _4070
_a"Минерально-сырьевые ресурсы стран СНГ", международный форум
_d5
_f1997
_eСанкт-Петербург
_3RU\NLR\AUTH\8810001610
_9500408
711 1 2 _4070
_a"Горное оборудование, переработка минерального сырья, новые технологии, экология", симпозиум
_f1996
_eСанкт-Петербург
_3RU\NLR\AUTH\8810001604
_9500397
791 1 2 _4070
_8eng
_a"Mineral resources of CIS states", international forum
_d5
_f1997
_ePetersburg
_7ba
_3RU\NLR\auth\8810007487
_9512604
801 0 _aRU
_bNLR
_c19981127
_gPSBO
801 1 _aRU
_bNLR
_c19981127
852 _aNLR
_j98-8/1074
942 _cBOOK
980 _aNB